000 01735nam a22004457a 4500
003 CHAP
005 20220329143602.0
008 100723s2010 mx r 00010 spa d
010 _a98886
011 _a99858
035 _a110544
040 _cCHAP
090 _aTesis
100 1 _aRosales Villa, Jorge
_999946
245 1 0 _aEvaluación in vitro e in vivo de productos biológicos contra Fusarium oxysporum en jitomate en Chapingo, México
_c/por Jorge Rosales Villa
260 _aChapingo, Méx. :
_bEl autor,
_c2010
300 _aix, 68 h. :
_bilus., cuadros, gráfs.
502 _aTesis (Ing. Agr. Esp. en Fitotecnia) -- UACH. Departamento de Fitotecnia
530 _aTambién disponible en línea
590 _aALEPH
_b10
_c20130110
_lUCH01
_h1535
590 _aBATCH-UPD
_b10
_c20130110
_lUCH01
_h1105
590 _aBATCH-UPD
_b10
_c20130410
_lUCH01
_h0657
590 _aBATCH-UPD
_b10
_c20130914
_lUCH01
_h1045
590 _aBATCH-UPD
_b10
_c20140324
_lUCH01
_h1518
590 _aBATCH-UPD
_b10
_c20141002
_lUCH01
_h0844
590 _aCONVERSION
_b10
_c20130109
_lUCH01
_h1355
650 1 4 _aControl biológico de enfermedades.
_927579
650 1 4 _aExtractos vegetales.
_939214
650 1 4 _aFungicidas.
_944044
650 1 4 _aFusarium oxysporum.
_944093
650 1 4 _aTomate
_xCultivos en invernadero.
_9113704
650 1 4 _aTomate
_xEnfermedades por hongos.
_9113713
650 1 4 _aTomate
_zMéxico (Edo.).
_9113786
650 1 4 _aTrichoderma.
_9114923
856 _3Finding aid
_uhttp://10.13.5.2/tesis/110544.pdf
_zTeclea aqui
901 _aBK
942 _cFOLL
949 _aTesis
_bBC
_cTES
_d33724002173280
_eTS2
_fc.2
_gDonaciØn
_h50839
_i110544
_sb
949 _aTesis
_bBC
_cTES
_d33724002173322
_eTS1
_gDonaciØn
_h50838
_i110544
_sb
999 _c98886
_d98886